[Event "FRA-chT"]
[Site "France"]
[Date "1994.??.??"]
[Round "?"]
[White "Lautier, Joel"]
[Black "Koch, Jean Rene"]
[Result "1-0"]
[WhiteElo "2625"]
[BlackElo "2490"]
[Annotator "Lautier,J"]
[PlyCount "65"]
[EventDate "1994.??.??"]
[EventType "team"]
[EventRounds "11"]
[EventCountry "FRA"]
[SourceTitle "CBM 041"]
[Source "ChessBase"]
[SourceDate "1994.08.01"]
[SourceVersion "1"]
[SourceVersionDate "1994.08.01"]
[SourceQuality "1"]

1. c4 f5 2. Nc3 Nf6 3. d4 g6 4. g3 Bg7 5. Bg2 O-O 6. Nh3 d6 7. d5 c6 8. O-O Kh8
$146 {/\ e5, Be6-g8} (8... e5 9. dxe6 Bxe6 10. Qb3 $14 {/\ Ng5}) 9. Nf4 e5 10.
dxe6 g5 11. Nd3 h6 12. h4 $1 Nh7 (12... gxh4 13. Nf4 $16) (12... Bxe6 13. hxg5
hxg5 14. Bxg5 Bxc4 15. Nf4 $16) (12... Ng4 13. hxg5 hxg5 14. e4 Bxe6 15. exf5
Bxf5 16. Ne4 Qe8 17. Nxg5 Qh5 18. Nh3 $16) 13. hxg5 hxg5 14. Qb3 Qc7 (14... Na6
15. Bd2 Qc7 (15... Rb8 16. Be3 $1 $16) 16. e4 Bxe6 17. exf5 Bxf5 18. Ne4 $16)
15. e4 Bxe6 16. exf5 Bxf5 17. Ne4 $16 Bf6 (17... Bxe4 18. Bxe4 Bf6 19. Kg2 $16
{/\ Rh1}) (17... g4 18. Bf4 $16) (17... Qe7 18. Re1 $16) 18. Nxf6 Rxf6 19. Bd2
Re6 (19... Nd7 $2 20. Bc3 Ne5 21. Nxe5 dxe5 22. Rae1 Re8 23. f4 gxf4 24. gxf4
$18) 20. Rae1 Nd7 21. Rxe6 Bxe6 22. Qc3+ Kg8 (22... Ndf6 $2 23. Bxg5 $18) 23.
Re1 Ndf8 24. Qd4 $1 {/\ Bc3} c5 (24... Qb6 25. c5 $1 dxc5 26. Qe5 $18 {/\ Bc3})
25. Qe4 Rd8 26. Bc3 b6 (26... b5 27. cxb5 Bxa2 28. Ra1 $1 Qf7 (28... Bf7 29.
Ba5 $18) 29. Rxa2 Qxa2 30. Qd5+ $18) 27. b3 Qf7 28. Qe3 {/\ Bb2, Qc1-c3} d5 {
Zeitnot} (28... Re8 29. Bd5 $18 {Zugzwang}) 29. Ne5 Qe8 30. cxd5 Bxd5 31. Ng4
$1 {/\ Nh6#} Qh5 (31... Qg6 32. Qe5 Bxg2 33. Qh8+ Kf7 34. Ne5+ $18) 32. Qe5
Bxg2 33. Qg7# 1-0

[Event "FRA-chT"]
[Site "France"]
[Date "1998.05.09"]
[Round "9"]
[White "Lautier, Joel"]
[Black "Bauer, Christian"]
[Result "1-0"]
[WhiteElo "2645"]
[BlackElo "2520"]
[Annotator "Lautier,J"]
[PlyCount "63"]
[EventDate "1998.02.06"]
[EventType "team"]
[EventRounds "11"]
[EventCountry "FRA"]
[SourceTitle "CBM 064 Extra"]
[Source "ChessBase"]
[SourceDate "1998.07.07"]
[SourceVersion "1"]
[SourceVersionDate "1998.07.07"]
[SourceQuality "1"]

1. d4 f5 2. g3 Nf6 3. Bg2 g6 4. c4 Bg7 5. Nc3 d6 6. d5 Na6 $5 7. Nh3 (7. Be3 {
[%csl Gc5]} e5 8. dxe6 c6 9. Bf4 Bxe6 10. Bxd6 Bxc4 $11) (7. Nf3 Nc5 8. Nd4 O-O
9. b4 e5 $1 10. dxe6 Nxe6 11. Bb2 $13) 7... O-O (7... Nc5 8. Nf4 (8. Be3 e5 $1
$13) 8... O-O $14) 8. Be3 $5 {[%csl Gc5]} Bd7 $1 {/\ c5, >< Be3} (8... Nc5 $6
9. Bxc5 dxc5 10. Nf4 $36 {/\ Qc2, 0-0, a3, b4}) (8... Ng4 $6 9. Bd4 Ne5 10. Nf4
$36) 9. Qd2 $1 {/\ Bh6} Ng4 (9... c5 10. Bh6 $14) 10. Bd4 Bh6 (10... Ne5 11. b3
c5 12. dxc6 Bxc6 (12... bxc6 13. Rd1 $14 {/\ c5!?}) 13. O-O Bxg2 14. Kxg2 Nc5
15. Nf4 $14) 11. f4 (11. Nf4 $6 c5 12. dxc6 bxc6 13. h3 Nf6 14. Be3 Bg7 $36 {
/\ e5}) 11... c5 12. dxc6 (12. Bg1 $6 Nc7 13. a4 b6 14. Nf2 Nxf2 15. Bxf2 Bg7
16. O-O a6 $11) 12... bxc6 (12... Bxc6 13. Bd5+ Bxd5 14. cxd5 $14) 13. Nf2 e5
$6 (13... Ne5 $1 14. b3 (14. Qc2 $6 Nxc4 15. Qa4 Na5 {/\ c5} 16. b4 c5 17. Qxa5
Qxa5 18. bxa5 cxd4 19. Bxa8 Rxa8 $44) (14. c5 $6 Nc4 $1 15. Qc2 (15. Qd3 Be6
$36 {/\ Nb4, /\ dc5}) 15... dxc5 16. Na4 Qa5+ $36) 14... Nf7 15. Rd1 e5 16. Be3
$13) 14. Nxg4 fxg4 15. Be3 $16 exf4 16. gxf4 Qh4+ (16... Qe7 17. O-O Rae8 18.
Bxa7 c5 19. Rad1 $16) 17. Bf2 Qe7 (17... Qf6 18. e3 Nc5 19. O-O $16) 18. Bg3
Nc5 $2 (18... Rad8 19. Rd1 Be8 20. O-O Nc7 (20... Bg7 21. Bf2 $16) 21. Ne4 d5
22. cxd5 cxd5 23. Ng5 Bg7 $132) 19. O-O (19. Rd1 $1 Rxf4 20. Nd5 (20. Bxf4 $2
Qh4+ 21. Kf1 Bxf4 $40) (20. Qxd6 $6 Qxd6 21. Rxd6 Rxc4 $13) 20... cxd5 21.
Qxd5+ Kg7 (21... Be6 22. Qxa8+ Rf8 23. Qc6 $18) 22. Qxa8 (22. Bxf4 $2 Bxf4 23.
Qxa8 Qh4+ 24. Kf1 Be3 $19) 22... Rf6 23. Qd5 $18) 19... Rad8 20. Rad1 Be8 21.
b4 $1 Ne6 22. b5 cxb5 23. cxb5 Nc7 24. a4 Bf7 25. Bf2 $1 $18 Bb3 26. Rb1 Bc4 (
26... Rxf4 27. Rxb3 Rdf8 28. Nd5 $18) (26... Bxf4 27. e3 Bh6 28. Rxb3 Rxf2 29.
Rxf2 Bxe3 30. Nd5 $18) 27. Bxa7 Nxb5 $2 (27... Ne6 28. Be3 d5 29. Nxd5 Qf7 (
29... Qd6 30. Rfd1 $18) 30. Rb4 $18) 28. Nxb5 Bxb5 29. Bd5+ $1 Rf7 (29... Kh8
30. Bd4+ $18) 30. axb5 Qxa7+ 31. b6 Qe7 32. Rfc1 (32. Rfc1 Kf8 33. Bxf7 Qxf7
34. b7 Rb8 35. Rc8+ $18) 1-0

[Event "Capablanca Memorial Premier 33rd"]
[Site "Havana"]
[Date "1998.05.22"]
[Round "13"]
[White "Rivera, Alberto"]
[Black "Vallejo Pons, Francisco"]
[Result "0-1"]
[WhiteElo "2415"]
[BlackElo "2415"]
[Annotator "Meulders,R"]
[PlyCount "88"]
[EventDate "1998.05.07"]
[EventType "tourn"]
[EventRounds "13"]
[EventCountry "CUB"]
[EventCategory "8"]
[SourceTitle "CBM 065"]
[Source "ChessBase"]
[SourceDate "1998.08.06"]
[SourceVersion "1"]
[SourceVersionDate "1998.08.06"]
[SourceQuality "1"]

1. d4 f5 2. g3 Nf6 3. Bg2 g6 4. c4 Bg7 5. Nh3 d6 6. d5 Nbd7 7. Nf4 Ne5 8. Nc3
O-O 9. Qb3 {Dieser Damenzug gefällt mir nicht sehr. Über kurz oder lang wird
Weiß die Dame doch wieder wegspielen müssen, also Tempoverlust.} (9. b3 c5 (
9... Bd7 10. Bd2 a6 11. a4 c6 12. a5 Rb8 13. O-O Qe8 14. Qc2 g5 15. Nh3 h6 16.
f4 Nf7 17. Rae1 Ng4 18. e4 gxf4 19. gxf4 Nh8 20. e5 dxe5 21. fxe5 Bxe5 22. Bf4
Bd4+ 23. Kh1 Ng6 24. Qd2 Nxf4 25. Nxf4 c5 26. h3 Nf6 27. Nce2 Be5 28. Ng3 Bd6
29. Qd3 Ne4 30. Nxe4 fxe4 31. Qg3+ Kh7 32. Bxe4+ Bf5 33. Bxf5+ Rxf5 34. Qd3 Qf7
35. Ne6 Kg6 36. Rxf5 {1-0 Dokuchaev,A-Remizov,J/St.Petersburg op2 1994/EXP 43})
10. Bd2 (10. O-O a6 11. a4 Rb8 12. Qc2 Ne8 13. a5 b5 14. axb6 Rxb6 15. Bd2 Rb8
16. h4 Ng4 17. Ra3 Nc7 18. e3 Ne5 19. e4 Qe8 20. Qd1 fxe4 21. Nxe4 Bg4 22. f3
Bf5 23. Ba5 Qc8 24. Bxc7 Qxc7 25. Ng5 Qb6 26. Nge6 Qb4 27. Rxa6 Qxb3 28. Qxb3
Rxb3 29. Nxf8 Kxf8 30. Ne6+ Bxe6 31. dxe6 Bf6 32. Ra4 Kg7 33. f4 Ng4 34. Bf3
Rc3 35. Bxg4 Rxg3+ 36. Kh2 Rxg4 37. Kh3 h5 38. Ra3 Rxh4+ 39. Kg3 Kh6 40. Ra8
Rg4+ 41. Kh3 Kg7 42. Ra2 {1/2-1/2 Vyzmanavin,A-Malaniuk,V/Moscow PCA-op rapid
1994/EXP 40}) 10... Rb8 11. h4 a6 12. a4 b6 13. Rb1 Ne8 14. h5 Nc7 15. hxg6
hxg6 16. Nd3 Nxd3+ 17. exd3 e5 18. b4 cxb4 19. Rxb4 a5 20. Rb1 Na6 21. Bh6 Rb7
22. Bxg7 Rxg7 23. Rh6 Nc5 24. d4 exd4 25. Qxd4 f4 26. gxf4 Rxf4 27. Qd2 Bf5 {
0-1 Tratar,M-Malaniuk,V/Kecskemet GM 1991/EXT 91}) 9... c5 10. Bd2 {Dieser
Entwicklungszug erscheint mir eine Schablone; Schwarz hat keine Probleme.} (10.
O-O Rb8 11. a4 (11. e4 a6 12. a4 Qa5 13. Ne6 Bxe6 14. dxe6 Qb4 15. Qc2 fxe4 16.
Bg5 Qxc4 17. Bxf6 Bxf6 18. Bxe4 Kg7 19. Bd5 Qd3 20. Qd1 Qxd1 21. Raxd1 b5 22.
axb5 axb5 23. Ne2 c4 24. Nc1 Rfc8 25. Rd2 Rc5 26. Bg2 b4 27. Be4 c3 28. bxc3
bxc3 29. Rc2 Rb2 30. Ne2 Nf3+ {0-1 Ghitescu,T-Malaniuk,V/Caciulata 1992/EXT 97}
) (11. Bd2 a6 12. a4 Bd7 13. Rae1 Qa5 14. Nd3 Nf7 15. Qc2 Qc7 16. e4 fxe4 17.
Nxe4 Nxe4 18. Bxe4 Bh3 19. Nf4 Bc8 20. Bc3 Bxc3 21. Qxc3 Ne5 22. Ng2 b5 23.
axb5 axb5 24. cxb5 Bd7 25. f4 Ng4 26. Bf3 Rf7 27. h3 Nf6 28. Kh2 Rxb5 29. Rf2
Qb7 30. Qd2 Rb4 31. Rfe2 Bb5 32. Re3 Bc4 33. f5 Rxb2 34. Qc1 Bxd5 35. fxg6 hxg6
36. Bxd5 Nxd5 37. R3e2 Rf2 38. Rxf2 Rxf2 39. Qc4 Kg7 40. Qe4 e6 41. Kg1 Qb2 42.
Nh4 Rf6 43. Nf3 Qc3 44. Kf2 Qd2+ {0-1 Toth,B-Solonar,S/Badenweiler op 1995/EXT
97}) 11... Qa5 12. Nd3 Bd7 13. Bd2 Qd8 14. Nxe5 dxe5 15. Qa3 b6 16. a5 Ne8 17.
axb6 axb6 18. Qb3 Nd6 $11 {Uhlmann,W-Yrjola,J/Tallinn 1987/EXT 87/1/2-1/2 (46)}
) (10. h4 h5 11. Bd2 Rb8 12. a4 Bd7 13. a5 Qc8 14. Nb5 a6 15. Nc3 Qe8 16. Na4
Ne4 17. Ne6 Nxd2 18. Kxd2 Qf7 19. Qc2 Bc8 20. Ra3 Qf6 21. Kc1 Nd7 22. Re3 Ne5 {
1/2-1/2 Pons,S-Anguix Garrido,J/ESP-ch 1992/EXT 97}) 10... a6 (10... Rb8 11. h4
h6 12. a4 a6 13. Rb1 Bd7 14. Qa2 b5 $6 15. axb5 axb5 16. cxb5 Ra8 17. Qb3 $14 {
1-0 Huebner,R-Polgar,Z/Munich 1991/CBM 23/[Schussler] (34)}) 11. a4 Rb8 12. h4
Bh8 13. O-O b6 14. Rab1 Bd7 {Schwarz hat sich ruhig entwickelt und lauert
geduldig auf eine gute Gelegenheit um ...b5 durch zu setzen. Die kommt bald.}
15. Qa2 Qc7 16. b3 Rb7 17. Qc2 Rfb8 {Die schwarze Stellung ist solide, aber
eingeschränkt. Er muß unbedingt irgendwo ...b5 durchsetzen. Weiß muß
inzwischen am anderen Flügel kräftig vorgehen.} 18. Ne6 Qc8 $1 19. e4 $1 fxe4
20. Nxe4 b5 $1 21. f4 Neg4 22. N4g5 $2 {Dies ist sehr ungestüm. Weiß hätte auf
b5 einmal tauschen müssen:} (22. axb5 axb5 23. N4g5 $14) 22... bxa4 23. Rbe1 $2
(23. bxa4 Rxb1 24. Rxb1 Rxb1+ 25. Qxb1 Bxa4 $15) 23... axb3 24. Qb1 b2 $19 25.
Nxh7 Kxh7 26. Ng5+ Kg8 $6 {So bekommt Weiß noch beachtliches Gegenspiel,
obwohl Schwarz wahrscheinlich in allen Varianten auf Gewinn steht.} (26... Kh6
$1 27. f5 (27. Rxe7 Bf5 28. Nf7+ Kg7 29. Nxd6+ Rxe7 30. Nxc8 Bxb1 31. Nxe7 Bd3
$19) 27... Bxf5 28. Nf7+ Kg7 29. Rxf5 Qxf5 $19) 27. Qxg6+ Bg7 28. Rxe7 Qf8 29.
Rf7 Nh6 $1 30. Rxf8+ Kxf8 31. Ne6+ (31. Nh7+ Nxh7 32. Qxd6+ Kg8 33. Be4 Nf5 34.
Qg6 Nf8 35. Qg5 b1=Q 36. Bxb1 Rxb1 $19) 31... Bxe6 32. dxe6 b1=Q 33. e7+ Kg8
34. e8=Q+ (34. Bd5+ Kh8) 34... Nxe8 35. Rxb1 Rxb1+ {The rest is silence.} 36.
Kh2 Nf6 37. Kh3 R1b3 38. f5 Nhg4 39. Bd5+ Kh8 40. h5 Ne5 41. Qg5 Nxd5 42. cxd5
Nf7 43. Qg6 Be5 44. Be1 R3b7 0-1

[Event "EU-ch 16th"]
[Site "Jerusalem"]
[Date "2015.03.08"]
[Round "11"]
[White "Kozul, Zdenko"]
[Black "Esen, Baris"]
[Result "1-0"]
[WhiteElo "2630"]
[BlackElo "2571"]
[Annotator "Meulders,R"]
[PlyCount "81"]
[EventDate "2015.02.24"]
[EventType "swiss"]
[EventRounds "11"]
[EventCountry "ISR"]
[SourceTitle "CBM 166"]
[Source "ChessBase"]
[SourceDate "2015.05.11"]
[SourceVersion "1"]
[SourceVersionDate "2015.05.11"]
[SourceQuality "1"]

1. d4 f5 2. g3 Nf6 3. Bg2 g6 4. c4 Bg7 5. Nc3 d6 6. Bg5 {A typical move for a
White player who wants to avoid mainline theory.} Nbd7 7. Qc2 (7. Nh3 e5 8.
dxe5 dxe5 9. e4 O-O 10. exf5 gxf5 11. O-O h6 12. Be3 c6 13. f3 Nb6 14. Qe2 Be6
15. b3 Qe7 16. Nf2 Nfd7 17. Rad1 a5 18. Qc2 a4 19. f4 e4 20. Ne2 axb3 21. axb3
Ra3 22. Nd4 Bxc4 23. bxc4 Rxe3 24. Bh3 Bxd4 25. Rxd4 Nc5 26. Rfd1 Rb3 27. Rd6
Qg7 28. Qe2 Nc8 29. Rd8 Ne7 30. Rxf8+ Qxf8 31. Rd6 e3 32. Nd1 Ne4 33. Rd3 Rb1
34. Qxe3 Qf7 35. Bf1 Kh7 36. Nf2 Qxc4 37. Rd1 Qc2 38. Rd7 Qc5 39. Rxe7+ Kg6 40.
Kg2 Kf6 41. Re8 Rb2 42. Kg1 Rb1 43. Kg2 Rb2 {1/2-1/2 (43) Tomashevsky,E (2738)
-Nakamura,H (2775) Moscow 2012}) 7... e5 8. dxe5 Nxe5 $1 {As White has
postponed playing Nf3, Black can take back with the knight. This is the
sensible choice, since after a possible e4 by White in Dutch positions with a
black pawn on e5, the Leningrad bishop on g7 is restricted in its scope..} (
8... dxe5 9. e4 (9. O-O-O O-O 10. Nf3 h6 11. Be3 Ng4 $11) 9... fxe4 10. Nxe4
O-O 11. Nf3 Qe7 12. O-O Nc5 (12... h6 13. Bxf6 Nxf6 14. Nh4 Bf5 15. Nxf5 gxf5
16. Nxf6+ Qxf6 17. Bxb7 Rab8 18. Bg2 e4 19. b3 c5 20. Rae1 $16) 13. Nxf6+ Bxf6
14. Bxf6 Rxf6 15. Rae1 $16) 9. Rd1 c6 10. b3 O-O 11. Nf3 Qe7 12. O-O Be6 (12...
Nf7 13. Be3 Re8 14. a3 Be6 15. Nd4 Bd7 $11) 13. Nd4 (13. Nxe5 dxe5 14. e4 h6
15. Bc1 Rfd8 16. Be3 Rxd1 17. Rxd1 Ng4 18. Bc1 Rd8 $11) 13... Nf7 14. Bc1 Rad8
$6 {I'm sure Black should not have given up this bishop.} (14... Bd7 $11) 15.
e4 $6 (15. Nxe6 $1 Qxe6 16. e4 fxe4 17. Nxe4 Nxe4 18. Qxe4 {gives White a
small but tangible advantage: the pair of bishops and pressure on Black's
d-pawn.}) 15... fxe4 16. Nxe6 $1 Qxe6 17. Nxe4 Nxe4 18. Qxe4 {reaching the
position mentioned in the previous variation.} Qd7 19. Qc2 $14 Rde8 20. h3 Re7
21. Rfe1 Rfe8 22. Rxe7 Rxe7 23. b4 Bh6 24. Bb2 Bg7 25. Bxg7 Kxg7 26. b5 {
The advantage of the two bishops for White has been replaced by the advantage
of the powerful light-squared bishop along the h1-a8 diagonal. This in
combination with Black's weakened kingside gives White a lasting initiative.}
Re5 27. Qb2 Kf8 28. bxc6 bxc6 29. Rb1 $1 Rc5 $6 {It's understandable that
Black is looking for some activity but in this way the rook is detracted from
the defence of the king.} ({Of course} 29... Re7 30. a4 Kg8 31. a5 Nd8 32. a6
Qc7 33. h4 $16 {is also to White's advantage.}) 30. Qd4 $16 Qc7 31. Rb3 Re5 32.
Qb2 $1 Re8 $2 {This speeds up the defeat.} (32... Qd7 {is more tenacious} 33.
Kh2 Re7 34. h4 Ne5 35. Bh3 Qc7 36. f4 Nf7 37. a4 Qa5 38. Rb8+ Re8 39. Bd7 Rxb8
40. Qxb8+ Kg7 41. Qb2+ Kf8 42. Bxc6 $18) 33. Rb7 $18 Qc8 34. Rxa7 Re1+ 35. Kh2
Re7 36. Ra3 $1 Ne5 37. f4 $1 Nf7 (37... Nxc4 $4 38. Qh8+) 38. Rb3 $1 Qe6 39.
Rb8+ Re8 40. Bxc6 Rxb8 41. Qxb8+ {A fine example by White how to reach a small
advantage, expand it and convert it into a win. In a higher sense Black's 14th
move, allowing the light-squared bishop to be taken, was the beginning of his
downfall.} (41. Qxb8+ Kg7 42. Qb2+ Kg8 43. Bd5 Qe1 44. a4 Kf8 45. h4 h6 46. Kg2
Nd8 47. Qf6+ {with annihilation.}) 1-0

[Event "EU-chT (Men) 20th"]
[Site "Reykjavik"]
[Date "2015.11.17"]
[Round "5.2"]
[White "Lenic, Luka"]
[Black "L'Ami, Erwin"]
[Result "1/2-1/2"]
[WhiteElo "2625"]
[BlackElo "2623"]
[Annotator "Meulders,R"]
[PlyCount "65"]
[EventDate "2015.11.13"]
[EventType "team-swiss"]
[EventRounds "9"]
[EventCountry "ISL"]
[SourceTitle "CBM 170"]
[Source "ChessBase"]
[SourceDate "2016.01.15"]
[SourceVersion "1"]
[SourceVersionDate "2016.01.15"]
[SourceQuality "1"]
[WhiteTeam "Slovenia"]
[BlackTeam "Netherlands"]
[WhiteTeamCountry "SLO"]
[BlackTeamCountry "NED"]

1. d4 f5 2. g3 Nf6 3. Bg2 g6 4. Nh3 Bg7 5. O-O O-O 6. c4 e6 7. Nc3 d6 8. Nf4 c6
9. Nd3 Nbd7 10. b3 (10. d5 cxd5 11. cxd5 e5 12. Bg5 h6 13. Bxf6 Nxf6 14. e4 g5
15. exf5 Bxf5 16. Qe2 Qb6 17. Kh1 Rae8 18. Rae1 e4 19. Nc1 Re5 20. Nb3 Rfe8 (
20... Nxd5 21. Nxd5 Rxd5 22. Qc4 Qb5 $17) 21. Qd2 Bg6 22. f4 exf3 23. Bxf3 Rxe1
24. Rxe1 Rxe1+ 25. Qxe1 Qb4 26. Qe6+ Kh7 27. Qe2 a6 28. h3 h5 29. Kh2 h4 30.
Qe3 g4 31. Be2 {1-0 (31) Salov,V (2680)-De la Riva Aguado,O (2460) Corsica 1997
}) 10... e5 11. dxe5 dxe5 12. e4 $1 {This is a typical way to stop the black
e-pawn advancing, which would give Black a very fine game.} fxe4 13. Nxe4 Nxe4
14. Bxe4 Nf6 15. Bg5 Qd4 16. Bxf6 Rxf6 17. Qe2 {If only the white knight were
on e4, acting as the ideal blockader. In what follows White tries to achieve
this position, but this costs a lot of time. Black can regroup and easily keep
the balance.} Bf5 18. Bxf5 Rxf5 (18... gxf5 19. Rad1) 19. Rae1 Rd8 20. Rd1 Qb6
21. Nb2 {The start of a manoeuvre intended to direct the knight to the ideal
blockading square on e4...} Rff8 22. Na4 Qb4 23. Qe3 Rd4 24. Nc3 Rfd8 $1 {
Stopping the plan of quietly positioning the knight on e4. White is forced to
opt for a drawing line with perpetual check.} 25. Rxd4 $1 exd4 26. Qe6+ Kh8 27.
Ne4 Qf8 28. Ng5 Re8 {There is no alternative; Black can't stop the knight
going back and forth via f7.} 29. Nf7+ Kg8 30. Nh6+ Kh8 31. Nf7+ Kg8 32. Nh6+
Kh8 33. Nf7+ 1/2-1/2

[Event "Cappelle op 31st"]
[Site "Cappelle la Grande"]
[Date "2015.03.03"]
[Round "5"]
[White "Li, Chao B"]
[Black "Gabrielian, Artur"]
[Result "1-0"]
[WhiteElo "2728"]
[BlackElo "2551"]
[Annotator "RR"]
[PlyCount "123"]
[EventDate "2015.02.28"]
[EventType "swiss"]
[EventRounds "9"]
[EventCountry "FRA"]
[SourceTitle "EXT 2016"]
[Source "ChessBase"]
[SourceDate "2015.10.08"]
[SourceVersion "1"]
[SourceVersionDate "2015.10.08"]
[SourceQuality "1"]

1. d4 f5 2. g3 Nf6 3. Bg2 g6 4. Nh3 Bg7 5. O-O O-O 6. c4 c6 7. Nc3 d6 8. d5 Bd7
9. c5 $1 {Une ligne secondaire qui implique un sacrifice de Q} (9. Be3 Na6 10.
Rc1 Qc7 11. a3 e5 12. dxe6 Bxe6 13. Nb5 cxb5 14. cxb5 Nc5 15. b4 Ng4 16. Bf4
Qb6 17. Ng5 Ne4 18. Bxe4 fxe4 19. Nxe6 Rf7 20. h3 Nf6 21. Be3 Qxb5 22. Nc7 Qd7
23. Nxa8 Qxh3 24. Qxd6 Ng4 25. Qd8+ Rf8 26. Qh4 Qxh4 27. gxh4 Rxa8 28. Rc7 b6
29. Rfc1 Nxe3 30. Rc8+ Rxc8 31. Rxc8+ Bf8 32. fxe3 a5 33. bxa5 bxa5 34. Ra8 Kf7
35. Rxa5 Ke6 36. a4 Be7 37. h5 {1-0 (37) Gomez,J (2506)-Navin,K (2377) Chennai
2012}) 9... dxc5 10. Qb3 Qb6 $8 11. dxc6+ Qxb3 12. cxb7 Qb6 13. bxa8=Q Nc6 $13
{Espérant enfermer la Qa8} 14. Na4 $1 Qb5 $146 (14... Qc7 {[%cal Gc7a7]} 15.
Qxf8+ Kxf8 16. Nxc5 Nd4 17. Nxd7+ Qxd7 18. Be3 Nxe2+ 19. Kh1 e5 20. Rad1 Nd4
21. Ng5 Kg8 22. Rfe1 Nd5 23. Nf3 Nc7 24. Bc1 Qd6 25. Nxd4 exd4 26. Bf4 Qd7 27.
Rc1 Nd5 28. Bxd5+ Qxd5+ 29. Kg1 Bf8 30. Rc8 {1-0 (30) Martinez,J (2184)-Nucci,
L (2032) LSS email 2009}) 15. Bxc6 Bxc6 16. Qxa7 Qxe2 17. Qb6 Qe4 (17... Bxa4
18. Ng5 {[%cal Gb6e6]}) 18. f3 Qxa4 (18... Qd4+ 19. Kg2) 19. Qb3+ Qxb3 20. axb3
Rb8 21. Ra7 Nd5 22. Nf4 Bd4+ 23. Kg2 Nxf4+ 24. Bxf4 e5 25. Bh6 Rb7 (25... Rxb3
26. Rg7+ Kh8 27. Ra1 Bxf3+ 28. Kh3 Rxb2 (28... Bg4+ 29. Kh4)) 26. Rxb7 Bxb7 27.
Ra1 e4 28. fxe4 Bxe4+ 29. Kf1 Bxb2 30. Rd1 {La R va dominer le B} Bd4 31. b4
$40 Bc2 32. Rd2 Ba4 33. Kg2 Kf7 34. Kh3 Bb5 35. bxc5 $16 Bxc5 36. Rd1 Ke6 37.
Bg5 Bd6 38. Re1+ Kf7 39. Rb1 Bd7 40. Rb7 Ke6 41. Rb6 Kd5 42. Kh4 Bc6 43. Ra6 h5
44. Rb6 Bd7 45. Rb7 Ke6 46. Ra7 Be8 47. Bd8 Bc5 48. Rb7 Ba3 49. Rb1 Bc6 50. Ra1
Bb4 51. Ra6 Kd5 52. Kg5 $40 Be8 53. Ra2 Ke6 54. Kh6 Bc5 55. Bg5 Bd4 56. Kh7 Kf7
57. Ra6 $18 Kf8 58. Re6 Bc3 59. Bf4 Kf7 60. Rxg6 h4 61. gxh4 Bb5 62. h5 1-0

[Event "POL-chT 66th"]
[Site "Katowice"]
[Date "2010.09.06"]
[Round "3"]
[White "Kosiorek, Marek"]
[Black "Swiercz, Dariusz"]
[Result "0-1"]
[WhiteElo "2359"]
[BlackElo "2507"]
[Annotator "RR"]
[PlyCount "76"]
[EventDate "2010.09.04"]
[EventType "team-tourn"]
[EventRounds "9"]
[EventCountry "POL"]
[SourceTitle "EXT 2016"]
[Source "ChessBase"]
[SourceDate "2015.10.08"]
[SourceVersion "1"]
[SourceVersionDate "2015.10.08"]
[SourceQuality "1"]
[WhiteTeam "Szkola Grudziadz"]
[BlackTeam "Wroclaw Polonia"]
[WhiteTeamCountry "POL"]
[BlackTeamCountry "POL"]

1. d4 f5 2. g3 Nf6 3. Bg2 g6 4. c4 Bg7 5. Nc3 O-O 6. Nh3 (6. Nf3) 6... d6 7. d5
{[%csl Re6]} c6 8. Nf4 (8. O-O e5) 8... e5 9. dxe6 Na6 (9... Qe7 10. O-O Bxe6
11. Nxe6 Qxe6 12. Bf4) 10. O-O (10. h4 $5 {[%csl Gf4]}) 10... Nc5 11. Be3 Nxe6
12. Rc1 (12. h3 Qe7 13. Qd2 $14 {Gleizerov,E (2550)-Mahjoob,M (2445) Fajr op
13th 2005 (9) 1-0}) 12... Qe7 13. b3 $146 (13. Qa4 Ng4 14. Bd2 Nxf4 15. Bxf4 g5
$13 {Sher,M (2485)-Beim,V (2480) Biel MTO op 1990 (5) 0-1}) 13... Nc5 14. Bd4 (
14. h3) 14... g5 15. Nd3 Ne6 $11 16. Be3 Ng4 (16... f4 $5 17. Bd2 (17. gxf4 $6
gxf4 18. Nxf4 Ng4 $44 {[%csl Re3,Rf4]}) 17... Ng4 $36) 17. Bd2 Ne5 18. Ne1 Bd7
{[%cal Gd7e8,Ge8h5] Les Blancs ont joué assez passivement l'ouverture et les
Noirs sont prêts à commencer l'attaque à l'aile-roi} 19. Nf3 Be8 20. Na4 $6
Bh5 21. Bc3 {Non seulement le plan Na4 et Bc3 est lent et peu utile mais deux
pièces Blanches seront mal placées pour défendre l'aile-roi} Rad8 22. Re1 $6
{[%csl Rf2]} (22. Nxe5 dxe5 23. Qc2 Nd4 24. Bxd4 Rxd4 25. Rcd1 Rfd8) (22. Nd4
$142 f4 23. Nxe6 Qxe6 24. Qd2 {[%cal Gd2g5]}) 22... f4 $36 23. Qc2 Bg6 24. Qd2
h5 25. Red1 h4 26. Qe1 hxg3 27. hxg3 fxg3 28. fxg3 Ng4 {Exploitant le fait que
le Bc3 est mal placé pour défendre l'aile-roi} 29. e4 $2 {Une nouvelle
faiblesse mais la position Blanche est déjà critique} (29. Bxg7 Qxg7 30. Bh3
Bf5) (29. Qd2 {[%csl Rg5]}) 29... Bxc3 30. Rxc3 Qh7 $19 {[%csl Rh2]} 31. Qe2 c5
32. Rcd3 Nd4 33. Rxd4 cxd4 34. Rxd4 Rde8 35. Nc3 Re6 36. Rd5 Qh6 37. Rxg5 Ne5
38. Qe3 Rxf3 0-1